00533nam a2200157Ia 4500008004100000041000800041082001700049100001500066245003700081260002700118365001600145700001500161906003200176999001900208952014800227230718s9999 xx 000 0 und d aeng a621.388bDHA aDhake A.M. aTelevision And Video Engineering bTata Mc-graw Hill Pub. cRs.b295.00 aDhake A.M. dB:339105-Feb-2008cETC b59 c318333d318333 00104070aCCEPbCCEPd2008-02-15eTbsfETC g236.00i3391l0o621.388pCCEP-BK-29540r2023-07-18 00:00:00t59v295.00w2008-02-05yBKz029540